|
|
|
|
| LEADER |
00771nam a2200217 i 4500 |
| 001 |
c000014906 |
| 003 |
CARM |
| 005 |
00000000000000.0 |
| 008 |
s1968 vra 00000 eng d |
| 019 |
1 |
|
|a 6572337
|5 LACONCORD2021
|
| 035 |
|
|
|a (OCoLC)220708456
|5 LACONCORD2021
|
| 042 |
|
|
|a anuc
|
| 110 |
2 |
0 |
|a Metropolitan fire brigades board (Melbourne).
|b Committee of Enquiry.
|
| 245 |
1 |
0 |
|a Report.
|
| 260 |
|
|
|a [Melbourne],
|c 1968.
|
| 300 |
|
|
|a 17 p.
|
| 500 |
|
|
|a Cover title.
|
| 610 |
2 |
0 |
|a Metropolitan Fire Brigades Board , Melbourne.
|
| 852 |
8 |
|
|b CARM
|h A2:AF29D3
|i D01117
|p 0068520
|f BK
|
| 999 |
f |
f |
|i 1fbff17e-c911-5743-a926-10542de61fef
|s 91d04552-611f-5b4d-aef4-f77a75f978c2
|
| 952 |
f |
f |
|p Can circulate
|a CAVAL
|b CAVAL
|c CAVAL
|d CARM 1 Store
|e D01117
|f A2:AF29D3
|h Other scheme
|i book
|m 0068520
|